Les Grandes Dates de L'Histoire de France (Partie 2) - Statistiques

Statistiques générales
  • Ce quiz a été pris 73 fois
  • Le résultat moyen est 26 sur 62
Statistiques - réponses
Indice Réponse % Correct
Par l'Édit de Nantes,Henri IV met fin aux guerres de religion. 1598
76%
Assassinat d'Henri IV par Ravailliac. 1610
74%
Fuite du Roi à Varennes. 1791
74%
Napoléon est définitivement battu à Waterloo,fin de ce fait de la Période des Cent-Jours. Congrès de Vienne. 1815
74%
Massacre de la Saint-Barthélémy. 1572
71%
Victoire décisive d'Austerlitz. 1805
69%
Convocation des États Généraux à Versailles. 1789
66%
Le Code Civil est rédigé et publié par Napoléon. Création de la Légion d'Honneur,récompense attribuée aux soldats méritants et dévoués à la Patrie. 1802
64%
Retraite de Russie. 1812
64%
Jacques Cartier prend possession du Canada au nom de François Ier. 1534
64%
Naissance du Dauphin Louis,futur Louis XIV, après 23 ans de mariage entre Louis XIII et Anne d'Autriche. 1638
62%
Exil de Napoléon à l'Île d'Elbe. 1814
62%
Louis XIII épouse Anne d'Autriche. 1615
60%
Louis XV,âgé de 5 ans,monte sur le Trône de France. 1715
60%
Naissance de son frère cadet,Philippe d'Orléans,"Monsieur". 1640
57%
Mort de Mazarin. Louis XIV entame son règne personnel. 1661
55%
Assassinat d'Henri III au Château de Saint-Cloud,par Jacques Clément,un moine dominicain fanatique. 1589
53%
Napoléon,alors Premier Consul,créé la Banque de France. 1800
53%
Ordonnance de Villers-Cotterêts qui définit le français comme seule langue officielle du Royaume de France. 1539
53%
Henri IV épouse en secondes noces Marie de Médicis. 1600
52%
Mort de Jean-Baptiste Poquelin,alias Molière. 1673
52%
Bataille d'Ivry et Sacre d'Henri IV à Chartres. 1594
48%
Mort de Louis XV,son petit-fils Louis-Auguste,devenu Louis XVI,monte sur le Trône de France. 1774
48%
Louis XVI aide les insurgés américains dans leur Guerre d'Indépendance face aux anglais. 1776
48%
Bataille de Friedland. 1807
48%
Bataille d'Eylau. 1809
48%
Sacre d'Henri II. 1547
48%
Siège de la Rochelle. 1628
45%
Sacre de Louis XIV,en la Cathédrale Notre-Dame de Reims. 1654
45%
Mort de sa mère Anne d'Autriche. 1666
45%
Richelieu devient Premier Ministre. 1624
43%
Louis XIV épouse Marie-Thérèse d'Autriche à Saint-Jean-de-Luz. 1660
41%
Louis XIV s'installe définitivement à Versailles avec sa cour. 1682
41%
Rattachement de la Corse à la France,achetée par Louis XV au Général Pascal Paoli. Naissance du futur Napoléon Ier. 1769
41%
Henri III devient Roi de Pologne pendant quelques mois,avant de revenir en France suite à la mort de son frère Charles IX. 1573
40%
Guerre des "Trois Henri" (Lutte entre Henri III,Henri de Navarre,futur Henri IV,et Henri de Guise,pour la couronne de France). 1588
40%
Louis-Auguste épouse l'Archiduchesse d'Autriche,Marie-Antoinette. 1770
40%
Après la mort de la Reine Marie-Thérèse,Louis XIV épouse secrètement Madame de Maintenon. 1683
36%
Louis XV exile les parlementaires. 1771
36%
La Reine Marie Leczynska meurt elle aussi. 1768
34%
Napoléon se couronne lui-même Empereur des Français en la Cathédrale Notre-Dame de Paris. (Date exacte) 2 Décembre 1804
34%
Début des Guerres de Religion. 1562
31%
Traité de Cateau-Cambrésis,scellant la Paix entre Valois et les Habsbourg d'Espagne. 1559
28%
Début de la Guerre de Succession d'Espagne. 1701
28%
Traité d'Utrecht,mettant fin à la Guerre. 1713
28%
Sacre de Louis XV en la Cathédrale de Reims. 1722
28%
Période du Directoire. 1795-1799
28%
Louis XV épouse la fille du Roi de Pologne,Marie Leczynska. 1725
26%
Naissance de Louis-Auguste,fils du Dauphin Louis-Ferdinand. 1754
26%
Guerre de Sept Ans. 1756-1763
26%
Mort de Madame de Pompadour,maîtresse puis favorite du Roi. 1764
26%
Victoire française de Denain. 1712
24%
Le Dauphin Louis-Ferdinand meurt à son tour. 1765
24%
Traité de Ryswyck mettant fin à la Guerre de la Ligue d'Augsbourg. 1697
22%
Naissance du Dauphin Louis-Ferdinand. 1729
22%
Victoire de Fontenoy. 1745
22%
Louis XV survit à une tentative d'assassinat par François Damiens. 1757
22%
Célèbre Coup d'État du 18 Brumaire,par Napoléon Bonaparte. (Date exacte) 9 Novembre 1799
22%
Période de la Convention. 1792-1795
21%
Guerre de Dévolution. 1667-1668
5%
Guerre de Hollande. 1672-1678
5%
Période de la Fronde. 1647-1652
2%
Aucun quiz correspondant
Distribution des résultats
% des personnes avec chaque résultat
Percentile par nombre de réponses
Votre historique - résultats
Vous n’avez pas pris ce quiz